ORAL RADIOLOGY PRINCIPLES & INTERPRETATION (Record no. 4368)

MARC details
000 -LEADER
fixed length control field 00359nam a2200145Ia 4500
008 - FIXED-LENGTH DATA ELEMENTS--GENERAL INFORMATION
fixed length control field 150201s2009 xx 000 0 und d
082 ## - DEWEY DECIMAL CLASSIFICATION NUMBER
Classification number 617.63
Item number O2009W
100 ## - MAIN ENTRY--PERSONAL NAME
Personal name WHITE,STURAT
245 ## - TITLE STATEMENT
Title ORAL RADIOLOGY PRINCIPLES & INTERPRETATION
250 ## - EDITION STATEMENT
Edition statement 6TH
260 ## - PUBLICATION, DISTRIBUTION, ETC. (IMPRINT)
Name of publisher, distributor, etc. ELSEVIER
Place of publication, distribution, etc. DELHI
Date of publication, distribution, etc. 2009
300 ## - PHYSICAL DESCRIPTION
Extent 1-640
650 ## - SUBJECT ADDED ENTRY--TOPICAL TERM
Topical term or geographic name as entry element RADIOLOGY
942 ## - ADDED ENTRY ELEMENTS (KOHA)
Source of classification or shelving scheme Dewey Decimal Classification
Koha item type Books
Koha issues (borrowed), all copies 10
Holdings
Withdrawn status Lost status Source of classification or shelving scheme Damaged status Not for loan Home library Current library Date acquired Source of acquisition Cost, normal purchase price Serial Enumeration / chronology SGTU Bill Number Total Checkouts Full call number Barcode Date last seen Date last checked out Bill Date Koha item type
    Dewey Decimal Classification     SGT Dental Library SGT Dental Library 01/11/2009 U.B.S.DELHI 1225.00 1 SGTU 671 26 617.63 O2009W FD5909 30/06/2025 30/06/2025 27/02/2013 Books
    Dewey Decimal Classification     SGT Dental Library SGT Dental Library 01/11/2009 U.B.S.DELHI 1225.00 1 SGTU 671   617.63 O2009W FD5910 09/02/2015   27/02/2013 Books
    Dewey Decimal Classification     SGT Dental Library SGT Dental Library 01/11/2009 U.B.S.DELHI 1225.00 1 SGTU 671   617.63 O2009W FD5911 09/02/2015   27/02/2013 Books
    Dewey Decimal Classification     SGT Dental Library SGT Dental Library 01/11/2009 U.B.S.DELHI 1225.00 1 SGTU 671   617.63 O2009W FD5912 09/02/2015   27/02/2013 Books
    Dewey Decimal Classification     SGT Dental Library SGT Dental Library 01/11/2009 U.B.S.DELHI 1225.00 1 SGTU 671 27 617.63 O2009W FD5913 04/07/2025 04/07/2025 27/02/2013 Books